000 00584nam a2200193 i 4500
001 48849
003 ES-MaACL
005 20230906161831.0
007 t|
008 030701s1909 fr ||||1| fre d
100 1 _aCordemoy, C. de.
_940503
245 1 0 _aExploitation des ports maritimes /
_cC. de Cordemoy.
260 _a[Tours :
_bDeslis Freres],
_c1909.
300 _aVIII, 560 p. ;
_c19 cm.
490 1 _aBibliothèque du conducteur de travaux publics
830 0 _aBibliothèque du conducteur de travaux publics
_9180955
852 _aES-MaACL
_jF-2046
999 _c48849
_d48849